000 00668nam a2200181Ia 4500
008 100921s9999 xx 000 0 und d
082 _b41424
_a891.463 न 06
100 _aब्रह्मांडकर उज्वल.
245 _aप्रश्नचिन्ह.
260 _bमनोरमा प्रकाशन,मुंबई.
_c2006
300 _a214
_bकलाभारती वितरण,पुणे
365 _b225
520 _aललित-कादंबरी.
630 _aप्रश्नचिन्ह.
650 _aललित-कादंबरी.
730 _aप्रश्नचिन्ह.
942 _cBOOK
999 _c790537
_d790534